| 000 | 01247nam a2200349 i 4500 | ||
|---|---|---|---|
| 001 | 000022206 | ||
| 003 | DO-SdBNP | ||
| 005 | 20260115123814.0 | ||
| 007 | ta | ||
| 008 | 100920t1998 dr 001 e spa d | ||
| 040 |
_aDO-SdBNP _bspa _cBNPHU _erda |
||
| 041 | _aspa | ||
| 082 | 4 |
_a158.1 _bA561h 1998 _222 |
|
| 100 | 1 |
_aAndrés, Mateo _eautor _4aut. _97205 |
|
| 245 | 1 | 3 |
_aEl hombre en busca de felicidad : _breflexiones psicológico-espirituales sobre la felicidad humana / _cMateo Andrés. |
| 250 | _a5ª. edición | ||
| 264 | 4 |
_aSanto Domingo, República Dominicana : _bEdiciones MSC, _c©1998. |
|
| 300 |
_a215 páginas ; _c22 cm. |
||
| 336 |
_atexto _btxt _2rdacontent |
||
| 337 |
_asin mediación _bn _2rdamedia |
||
| 338 |
_avolumen _bnc _2rdacarrier |
||
| 490 | 0 |
_aLuz ; _v4 |
|
| 500 | _aIncluye datos biográficos del autor en la contracubierta. | ||
| 505 | 0 |
_aPresupuesto, siempre hay esperanza -- _tAmar y ser amado -- _tHacerse feliz -- _tHacerse hombre. |
|
| 590 | _aInventariado, 2024 / MF | ||
| 650 | 0 |
_aFelicidad _95856 |
|
| 650 | 4 |
_aActitud(psicologica) _945938 |
|
| 650 | 0 |
_aAutorrealización (Psicología) _9211 |
|
| 650 | 4 |
_aDesarrollo humano _9213 |
|
| 910 | _aValidado. Control de la calidad EMS | ||
| 942 |
_2ddc _cLBS1 |
||
| 999 |
_c21704 _d21704 |
||